Responses for Show #1013 - Wednesday, January 18, 1989

Contestants

[<< previous game]

Michael Herman, an arts management consultant originally from Houston, Texas

Diane Lubniewski, a teacher from Pecksville, Pennsylvania

Tanya Palmer, a media buyer from Kansas City (whose 1-day cash winnings total $10,199)

[next game >>]

Jeopardy! Round responses

SCIENTISTS
SALADS
AMERICAN INDIANS
ARTISTS
THE OLYMPICS
COLUMBIA
    $100 16
(Robert) Bunsen

Tanya
    $100 4
beefsteak

Michael
    $100 3
Columbus

Diane
    $100 1
eyes

Tanya
    $100 20
Prohibition

Diane
    $100 22
British Columbia

Michael
    $200 15
oxygen

Diane
    $200 6
feta

Michael
    $200 5
canoes

Diane
    $200 2
Gibson Girl

Michael
    $200 21
coxswain

Michael
    $200 23
(Michael: What is CBS?)
(Alex: Be more specific.)

Columbia Broadcasting System

Michael
    $300 17
(solar) eclipse

Diane
    $300 10
bacon

Michael
    $300 7
(Tanya: What is Seminole?)

Miami

Tanya
Triple Stumper
    $300 13
Friends (Society of Friends, Quakers)

Tanya
    $500 27
(Diane: What is the downhill?)

men's speed skating

Diane
    $300 24
South Carolina

Diane
    $400 18
Edmond Halley

Triple Stumper
    $400 11
(Diane: What is Romaine lettuce?)

celery

TanyaDiane
    $400 8
Iroquois

Michael
    $400 14
Sunflowers (or Irises)

Michael
    $400 25
11

Diane
    $500 28
(Tanya: Who was Galileo?)

[The end of round signal sounds.]

Copernicus

TanyaDiane
    $500 12
(Diane: What is Romaine lettuce?)

endive

Diane
Triple Stumper
    $500 9
giving away all of one's possessions

Michael
    $500 19
sculpture

Diane
    $500 26
sheep

Triple Stumper

Scores at the first commercial break (after clue 15):

Tanya Diane Michael
$500 -$400 $2,100

Scores at the end of the Jeopardy! Round:

Tanya Diane Michael
$100 $1,200 $2,600

Double Jeopardy! Round responses

THE 20TH CENTURY
FIRST NOVELS
THE 3 "B"s
(Alex: Not all the responses will begin with that letter.)
LAW
LANGUAGES
LINCOLN SPEAKS
    $200 1
Anwar Sadat

Michael
    $200 11
Joseph Heller

Diane
    $200 22
(Tanya: Who is J.C. Bach?)

Johann Sebastian Bach

TanyaMichael
    $200 7
public domain

Michael
    $200 2
Dutch

Michael
    $200 14
...
(Alex: Ties in well with that previously, doesn't it?)

slavery

Michael
    $400 19
[Before giving the Final Jeopardy! clue Alex clarified the correct response.]

outbreak of World War I (U.S. involvement in World War I)

Tanya
    $400 12
J.D. Salinger

Michael
    $400 24
deafness

Michael
    $400 8
libel

Michael
    $400 3
Arabic

Tanya
    $400 15
(Ulysses) Grant

Diane
    $600 20
(Michael: What are Communists within the government?)
(Diane: What are Communists within the Army?)

organized crime, the Mafia

DianeMichael
Triple Stumper
    $600 16
Theodore Dreiser

Diane
    $600 25
Johann (Johannes)

Tanya
    $600 9
Louisiana

Tanya
    $1,000 4
Spanish & English

Tanya
    $600 23
Russia

Diane
    $800 21
Chile & Argentina

Michael
    $800 17
James Cain

Diane
    $800 26
Beethoven

Triple Stumper
    $800 10
The Old Bailey

Diane
    $800 5
(Michael: What is Urdu?)

Bengali

Michael
Triple Stumper
    $1000 28
[The end of round sound signals.]

Amritsar

Triple Stumper
    $1000 18
...
(Alex: I think you ran that category? Nicely done. [applause] You picked up a lot of money.)

Günter Grass

Diane
    $2,000 27
(Tanya: What is Semper Fidelis?)
...
(Alex: You'd have had to have seen the movie, "The Student Prince", [*].)

"Gaudeamus Igitur"

Tanya
    $1000 13
discrimination, separate but equal facilities (segregation)

Michael
    $1000 6
Hebrew

Michael

Scores at the end of the Double Jeopardy! Round:

Tanya Diane Michael
$900 $5,000 $6,200

[wagering suggestions for these scores]

Final Jeopardy! Round responses

THE OSCARS
[Alex checked with the judges before ruling Diane incorrect.]
TanyaWhat is An American in Paris?
$900
DianeWhat is Amr Paris
$4,995
MichaelWhat is An American in Paris?
$3,801
An American in Paris

Final scores:

Tanya Diane Michael
$1,800 $5 $10,001
2nd place: stay at Murieta Hot Springs Resort & Spa + Jason binoculars 3rd place: Queen Anne chair from Action New champion: $10,001

Game dynamics:

Coryat scores:

Tanya Diane Michael
$2,500 $5,500 $6,200
9 R
(including 1 DD),
4 W
(including 1 DD)
16 R,
4 W
(including 1 DD)
21 R,
2 W

Combined Coryat: $14,200

[game clues] [game scores] [suggest correction]

Game tape date: 1988-10-11
The J! Archive is created by fans, for fans. Scraping, republication, monetization, and malicious use prohibited; this site may use cookies and collect identifying information. See terms. The Jeopardy! game show and all elements thereof, including but not limited to copyright and trademark thereto, are the property of Jeopardy Productions, Inc. and are protected under law. This website is not affiliated with, sponsored by, or operated by Jeopardy Productions, Inc. Join the discussion at JBoard.tv.